| 000 | 00852nam a2200265 i 4500 | ||
|---|---|---|---|
| 001 | 12383 | ||
| 003 | ES-MaACL | ||
| 005 | 20230906150312.0 | ||
| 007 | t| | ||
| 008 | 921002s1990 sp ||||0| spa d | ||
| 016 | 7 | _zCEN920048765 | |
| 020 | _a84-87137-37-7 | ||
| 040 |
_aCEN _bspa _cCEN |
||
| 080 | _a860-14"19" | ||
| 100 | 1 |
_aPadorno, Manuel. _988199 |
|
| 245 | 1 | 3 |
_aEl nómada sale, (1963-1989) / _cManuel Padorno ; [edición de Juan Cruz Ruiz]. |
| 260 |
_aIslas Canarias : _bViceconsejería de Cultura y Deportes, _c1990. |
||
| 300 |
_a224 p ; _c21 cm. |
||
| 490 | 1 |
_aBiblioteca básica canaria ; _v37 |
|
| 700 | 1 |
_aCruz Ruiz, Juan. _941848 |
|
| 710 | 1 |
_aCanarias. _bViceconsejería de Cultura y Deportes. _92427 |
|
| 830 | 0 |
_aBiblioteca básica canaria ; _v37 _9177611 |
|
| 852 |
_aES-MaACL _jL-19780 _bR.122334 |
||
| 999 |
_c12383 _d12383 |
||